Fremdenverkehrsstatistik Wintersaison 1988/89

Saved in:
Bibliographic Details
Format: Book
Language:German
Published: Vaduz Amt für Volkswirtschaft 1989
Edition:1. Aufl.
Tags: Add Tag
No Tags, Be the first to tag this record!

MARC

LEADER 00000nam a2200000 4500
001 c034813
005 20251217104157.4
041 0 |a ger 
044 |a LI 
245 1 0 |a Fremdenverkehrsstatistik  |b Wintersaison 1988/89 
250 |a 1. Aufl. 
264 1 |a Vaduz  |b Amt für Volkswirtschaft  |c 1989 
300 |a 20 s.